[Event "1. Bundesliga 2016/2017"]
[Site "Mattersburg"]
[Date "2016.10.23"]
[Round "4"]
[Board "5"]
[White "Matt, Fabian"]
[Black "Heimberger, Reinhard"]
[Result "1/2-1/2"]
[WhiteElo "2259"]
[BlackElo "2282"]
[PlyCount "84"]
[EventDate "2016.10.20"]
[EventType "team"]
[EventRounds "11"]
[EventCountry "AUT"]
[WhiteTeam "Schachclub Sparkasse Goetzis"]
[BlackTeam "ASK St. Valentin"]

1.e4 c5 2.Nf3 d6 3.c3 Nf6 4.h3 g6 5.Bd3 Bg7 6.Bc2 O-O 7.O-O Nc6 8.Re1 b6 9.d4 cxd4
10.Ba4 Bb7 11.cxd4 a6 12.Nc3 b5 13.Bc2 Nd7 14.Bg5 h6 15.Bh4 Nb6 16.a3 Nc4 17.Rb1 Qd7
18.a4 Nb4 19.Bb3 Rac8 20.axb5 axb5 21.Na2 Nxa2 22.Bxa2 e6 23.Qd3 f5 24.exf5 gxf5 25.b3
Na3 26.Rbc1 Be4 27.Qd2 Nc2 28.Rf1 Qa7 29.Bb1 Nxd4 30.Nxd4 Qxd4 31.Qxd4 Bxd4 32.Be7
Rfe8 33.Rxc8 Rxc8 34.Bxe4 fxe4 35.Bxd6 Rc2 36.b4 e5 37.Bc5 Bxc5 38.bxc5 Rxc5 39.Rb1
Kf7 40.Kf1 Ke6 41.Ke2 Kd5 42.Rb4 Rc2+ 1/2-1/2

[Event "1. Bundesliga 2016/2017"]
[Site "Mattersburg"]
[Date "2016.10.23"]
[Round "4"]
[Board "6"]
[White "Tober, Gerhard"]
[Black "Anistratov, Dmitrij"]
[Result "1/2-1/2"]
[WhiteElo "2244"]
[BlackElo "2273"]
[PlyCount "153"]
[EventDate "2016.10.20"]
[EventType "team"]
[EventRounds "11"]
[EventCountry "AUT"]
[WhiteTeam "ASK St. Valentin"]
[BlackTeam "Schachclub Sparkasse Goetzis"]

1.e4 g6 2.d4 Bg7 3.Nc3 d6 4.Nf3 Nf6 5.Be2 O-O 6.O-O c6 7.Re1 Qc7 8.Bf4 Nh5 9.Bg5 e5
10.Qd2 Re8 11.dxe5 dxe5 12.Rad1 Be6 13.Be3 Nf4 14.Bxf4 exf4 15.e5 Nd7 16.Qxf4 Nxe5
17.Ng5 h6 18.Nxe6 Rxe6 19.Bc4 Re7 20.Bb3 Rd8 21.Rxd8+ Qxd8 22.Rd1 Rd7 23.Rxd7 Qxd7
24.h3 Kh8 25.Ne4 Qe7 26.Qe3 Nd7 27.Qf4 f5 28.Ng3 Qe5 29.Qxe5 Bxe5 30.c3 Nc5 31.Bc2
Kg7 32.Kf1 Kf6 33.Ke2 Ne6 34.Kf3 c5 35.h4 Ng7 36.Ne2 Ne6 37.Ng3 Ng7 38.Ne2 Nh5 39.g3
Ng7 40.Nf4 g5 41.hxg5+ hxg5 42.Nd5+ Ke6 43.Ne3 b5 44.a4 b4 45.cxb4 cxb4 46.b3 Bc7
47.Ke2 f4 48.gxf4 gxf4 49.Nc4 Kd5 50.Bh7 Kd4 51.f3 Kc3 52.Nd2 Nh5 53.Bg8 Ng3+ 54.Ke1
Kd3 55.Ne4 Nf5 56.Kd1 Nd4 57.Nd2 Bd8 58.Bd5 Bh4 59.Be4+ Ke3 60.Nc4+ Kf2 61.Nd2 Bf6
62.Bd5 Bg7 63.Be4 Ne2 64.Bc6 Ng1 65.Kc2 Ke2 66.Bb5+ Ke3 67.Bc6 Bc3 68.Nf1+ Kf2 69.Nh2
Kg3 70.Nf1+ Kg2 71.Nd2 Bxd2 72.Kxd2 Kf2 73.Kd3 Nxf3 74.Bd5 Ne1+ 75.Kc4 Ke3 76.Kxb4
Nd3+ 77.Kc4 1/2-1/2

[Event "1. Bundesliga 2016/2017"]
[Site "Mattersburg"]
[Date "2016.10.23"]
[Round "4"]
[Board "1"]
[White "Ragger, Markus"]
[Black "Repka, Christopher"]
[Result "1/2-1/2"]
[WhiteElo "2677"]
[BlackElo "2461"]
[PlyCount "153"]
[EventDate "2016.10.20"]
[EventType "team"]
[EventRounds "11"]
[EventCountry "AUT"]
[WhiteTeam "SC MPOE Maria Saal"]
[BlackTeam "Bregenz"]

1.d4 Nf6 2.c4 e6 3.Nf3 Bb4+ 4.Nbd2 O-O 5.a3 Be7 6.e4 d6 7.Be2 Nbd7 8.Qc2 e5 9.Nb1
exd4 10.Nxd4 Ne5 11.Nc3 Nc6 12.Nxc6 bxc6 13.O-O Re8 14.Rd1 Bf8 15.c5 Qe7 16.cxd6 cxd6
17.Be3 Ng4 18.Bxg4 Bxg4 19.Rd2 Qb7 20.Rc1 Rac8 21.Qa4 c5 22.Bf4 a6 23.Qc2 Be6 24.Bxd6
Bb3 25.Qb1 Rcd8 26.Bf4 Rxd2 27.Bxd2 Rd8 28.Be3 g6 29.h3 a5 30.e5 Bg7 31.Ne4 Bxe5 32.Nxc5
Qd5 33.a4 Qd1+ 34.Rxd1 Rxd1+ 35.Qxd1 Bxd1 36.Nd3 Bc7 37.Nc5 Be5 38.Bc1 Bd6 39.Nb7
Bb4 40.Be3 Bxa4 41.Bb6 Bc6 42.Nxa5 Bxa5 43.Bxa5 Kg7 44.Bc3+ f6 45.f3 Kf7 46.Kf2 h5
47.Ke3 g5 48.g3 Kg6 49.b4 Kf5 50.Be1 Bb5 51.Bc3 Bc6 52.Bd4 Kg6 53.Bb6 Bd7 54.h4 Bc6
55.Bd8 Kf5 56.f4 gxf4+ 57.gxf4 Ke6 58.Kd4 f5 59.Kc5 Kd7 60.Bg5 Kc7 61.Bd8+ Kb7 62.Ba5
Bf3 63.b5 Be2 64.Bc3 Bf3 65.Be5 Be2 66.Bd4 Bf3 67.Kd6 Be2 68.Ke6 Bg4 69.Bc5 Bh3 70.b6
Bg4 71.Kf6 Bh3 72.Kg5 Bg4 73.Bd4 Kc6 74.Bc5 Kb7 75.Bd4 Ka8 76.Bc5 Kb7 77.Bd4 1/2-1/2

[Event "1. Bundesliga 2016/2017"]
[Site "Mattersburg"]
[Date "2016.10.23"]
[Round "4"]
[Board "2"]
[White "Henrichs, Thomas"]
[Black "Buhmann, Rainer"]
[Result "1/2-1/2"]
[WhiteElo "2505"]
[BlackElo "2609"]
[PlyCount "110"]
[EventDate "2016.10.20"]
[EventType "team"]
[EventRounds "11"]
[EventCountry "AUT"]
[WhiteTeam "Bregenz"]
[BlackTeam "SC MPOE Maria Saal"]

1.e4 e6 2.d4 d5 3.Nc3 Nf6 4.e5 Nfd7 5.f4 c5 6.Nf3 Nc6 7.Be3 cxd4 8.Nxd4 Bc5 9.Qd2
O-O 10.O-O-O a6 11.Qf2 Qe7 12.Bd3 f6 13.Qh4 g6 14.exf6 Qxf6 15.Qxf6 Rxf6 16.Nce2 e5
17.fxe5 Ndxe5 18.h3 Bd7 19.Rhe1 Re8 20.Bg1 Nb4 21.Kb1 Nexd3 22.cxd3 Bxd4 23.Nxd4 Rxe1
24.Rxe1 Nxd3 25.Rd1 Ne5 26.Kc2 Kf7 27.Kc3 g5 28.b3 h6 29.Rd2 Ng6 30.Bh2 Nf4 31.Rf2
b6 32.h4 Bg4 33.hxg5 hxg5 34.Kd2 Kg6 35.Ke3 Nh5 36.Bc7 Rxf2 37.Kxf2 b5 38.a4 bxa4
39.bxa4 Nf6 40.Ke3 Bd7 41.a5 Ng4+ 42.Ke2 Ba4 43.Bd6 Kf6 44.Bc7 Ke7 45.Bb8 Be8 46.Kd2
Nf2 47.Nf3 g4 48.Nd4 Bd7 49.Ke3 Nd1+ 50.Kf4 Nb2 51.Ke5 Nc4+ 52.Kxd5 Nxa5 53.Kc5 Kd8
54.Bf4 Kc8 55.Kb6 Nc4+ 1/2-1/2

[Event "1. Bundesliga 2016/2017"]
[Site "Mattersburg"]
[Date "2016.10.23"]
[Round "4"]
[Board "3"]
[White "Predojevic, Borki"]
[Black "Weindl, Alfred"]
[Result "1-0"]
[WhiteElo "2616"]
[BlackElo "2328"]
[PlyCount "87"]
[EventDate "2016.10.20"]
[EventType "team"]
[EventRounds "11"]
[EventCountry "AUT"]
[WhiteTeam "SC MPOE Maria Saal"]
[BlackTeam "Bregenz"]

1.Nf3 Nf6 2.c4 g6 3.g3 Bg7 4.Bg2 O-O 5.O-O d6 6.d4 c6 7.Nc3 Qa5 8.Qd2 Re8 9.b3 e5
10.Bb2 Bg4 11.e3 Nbd7 12.h3 Bxf3 13.Bxf3 exd4 14.exd4 d5 15.Rfd1 dxc4 16.bxc4 Qf5
17.Kg2 Nb6 18.g4 Qa5 19.c5 Nc4 20.Qc2 Nxb2 21.Qxb2 Rad8 22.Rab1 Re7 23.Qb4 Qxb4 24.Rxb4
h5 25.d5 hxg4 26.hxg4 Nxd5 27.Nxd5 cxd5 28.Rxd5 Rxd5 29.Bxd5 Re5 30.Bb3 Re7 31.Ra4
a6 32.c6 bxc6 33.Rxa6 Rc7 34.Ra8+ Bf8 35.a4 Kg7 36.a5 Bc5 37.a6 Ra7 38.Rxa7 Bxa7 39.g5
f6 40.f4 fxg5 41.fxg5 Kf8 42.Kf3 Ke7 43.Bc2 Kf7 44.Be4 1-0

[Event "1. Bundesliga 2016/2017"]
[Site "Mattersburg"]
[Date "2016.10.23"]
[Round "4"]
[Board "4"]
[White "Dobosz, Henryk"]
[Black "Kreisl, Robert"]
[Result "1/2-1/2"]
[WhiteElo "2379"]
[BlackElo "2435"]
[PlyCount "64"]
[EventDate "2016.10.20"]
[EventType "team"]
[EventRounds "11"]
[EventCountry "AUT"]
[WhiteTeam "Bregenz"]
[BlackTeam "SC MPOE Maria Saal"]

1.Nf3 d5 2.g3 g6 3.Bg2 Bg7 4.d4 Nf6 5.c4 dxc4 6.Qa4+ c6 7.Qxc4 Be6 8.Qc2 Bf5 9.Qb3
Qb6 10.Qa3 Qa6 11.O-O O-O 12.Qxa6 Nxa6 13.Nc3 Nb4 14.Bd2 Rfd8 15.Rad1 Nbd5 16.Nxd5
Nxd5 17.Rc1 Be4 18.e3 Rac8 19.b3 e6 20.Rfd1 Bf8 21.Ne5 Bxg2 22.Kxg2 c5 23.dxc5 Rxc5
24.Rxc5 Bxc5 25.Rc1 Ba3 26.Rc4 Nb6 27.Rc2 Bd6 28.Nc4 Rc8 29.e4 f5 30.f3 Nxc4 31.Rxc4
Rxc4 32.bxc4 Bc5 1/2-1/2

[Event "1. Bundesliga 2016/2017"]
[Site "Mattersburg"]
[Date "2016.10.23"]
[Round "4"]
[Board "5"]
[White "Schachinger, Mario"]
[Black "Repkova, Eva"]
[Result "1-0"]
[WhiteElo "2420"]
[BlackElo "2329"]
[PlyCount "75"]
[EventDate "2016.10.20"]
[EventType "team"]
[EventRounds "11"]
[EventCountry "AUT"]
[WhiteTeam "SC MPOE Maria Saal"]
[BlackTeam "Bregenz"]

1.d4 Nf6 2.c4 b6 3.Nc3 Bb7 4.Qc2 e6 5.e4 Bb4 6.Bd3 Bxc3+ 7.bxc3 d6 8.Ne2 Nbd7 9.O-O
O-O 10.Ng3 e5 11.f4 Re8 12.fxe5 dxe5 13.d5 Bc8 14.Nf5 Nf8 15.Nxg7 Kxg7 16.Bg5 N8d7
17.Rxf6 Nxf6 18.Rf1 h6 19.Bxf6+ Qxf6 20.Rxf6 Kxf6 21.c5 Kg7 22.Qa4 Re7 23.Qc6 Rb8
24.d6 cxd6 25.cxd6 Bb7 26.Qa4 Ree8 27.Qxa7 Bc6 28.d7 Red8 29.Qc7 Bxd7 30.Qxe5+ Kg8
31.Bc4 b5 32.Bd5 Be8 33.Qf6 Kh7 34.h4 Rd7 35.Qf5+ Kg8 36.Qg6+ Kf8 37.Qxh6+ Kg8 38.h5 1-0

[Event "1. Bundesliga 2016/2017"]
[Site "Mattersburg"]
[Date "2016.10.23"]
[Round "4"]
[Board "6"]
[White "Poettinger, Harald"]
[Black "Halvax, Georg"]
[Result "0-1"]
[WhiteElo "2198"]
[BlackElo "2425"]
[PlyCount "58"]
[EventDate "2016.10.20"]
[EventType "team"]
[EventRounds "11"]
[EventCountry "AUT"]
[WhiteTeam "Bregenz"]
[BlackTeam "SC MPOE Maria Saal"]

1.c4 e6 2.g3 d5 3.Nf3 Nf6 4.Bg2 dxc4 5.Qa4+ Bd7 6.Qxc4 c5 7.Ne5 Qc8 8.Nc3 Nc6 9.Nxd7
Qxd7 10.O-O Rc8 11.Bxc6 Rxc6 12.d3 Be7 13.Bd2 O-O 14.Rfc1 Rfc8 15.a3 a6 16.a4 Rb6
17.Nd1 e5 18.Bc3 Qh3 19.Ne3 Re6 20.a5 Rd8 21.Qb3 Rd7 22.Ra4 Qh5 23.Qc2 Ne8 24.Rca1
Nd6 25.b4 Nb5 26.bxc5 Nd4 27.Bxd4 exd4 28.Ng2 Rxe2 29.Nf4 Qxh2+ 0-1

[Event "1. Bundesliga 2016/2017"]
[Site "Mattersburg"]
[Date "2016.10.23"]
[Round "4"]
[Board "1"]
[White "Bindrich, Falko"]
[Black "Nisipeanu, Liviu-Dieter"]
[Result "1-0"]
[WhiteElo "2582"]
[BlackElo "2684"]
[PlyCount "35"]
[EventDate "2016.10.20"]
[EventType "team"]
[EventRounds "11"]
[EventCountry "AUT"]
[WhiteTeam "SK Hohenems"]
[BlackTeam "Schachklub Sparkasse Jenbach"]

1.d4 d5 2.c4 e6 3.Nc3 Bb4 4.Nf3 Nf6 5.Bg5 dxc4 6.e4 h6 7.Bxf6 Qxf6 8.Bxc4 c5 9.e5
Qd8 10.O-O cxd4 11.Ne4 O-O 12.Qe2 Be7 13.Rad1 Qb6 14.Nxd4 Rd8 15.Qg4 Rxd4 16.Rxd4
Nc6 17.Nf6+ Kf8 18.Qxg7+ 1-0

[Event "1. Bundesliga 2016/2017"]
[Site "Mattersburg"]
[Date "2016.10.23"]
[Round "4"]
[Board "2"]
[White "Shirov, Alexei"]
[Black "Martinovic, Sasa"]
[Result "1/2-1/2"]
[WhiteElo "2693"]
[BlackElo "2551"]
[PlyCount "64"]
[EventDate "2016.10.20"]
[EventType "team"]
[EventRounds "11"]
[EventCountry "AUT"]
[WhiteTeam "Schachklub Sparkasse Jenbach"]
[BlackTeam "SK Hohenems"]

1.d4 e6 2.e4 d5 3.e5 c5 4.c3 Nc6 5.Nf3 Qb6 6.a3 f6 7.Bd3 fxe5 8.dxe5 c4 9.Bc2 g6 10.h4
Bg7 11.h5 Nge7 12.hxg6 hxg6 13.Rxh8+ Bxh8 14.Qe2 Bd7 15.Be3 Qc7 16.Bf4 Qb6 17.Ra2
O-O-O 18.Nbd2 Rf8 19.g3 Nf5 20.b3 cxb3 21.Nxb3 Bg7 22.Rb2 Rh8 23.Kf1 Na5 24.Bxf5 gxf5
25.Nbd4 Qc5 26.Ng5 Nc4 27.Rb4 Qe7 28.Kg2 Bh6 29.Qh5 Be8 30.Qh1 Bd7 31.Qh5 Be8 32.Qh1
Bd7 1/2-1/2

[Event "1. Bundesliga 2016/2017"]
[Site "Mattersburg"]
[Date "2016.10.23"]
[Round "4"]
[Board "3"]
[White "Rozentalis, Eduardas"]
[Black "Volokitin, Andrei"]
[Result "1-0"]
[WhiteElo "2540"]
[BlackElo "2652"]
[PlyCount "53"]
[EventDate "2016.10.20"]
[EventType "team"]
[EventRounds "11"]
[EventCountry "AUT"]
[WhiteTeam "SK Hohenems"]
[BlackTeam "Schachklub Sparkasse Jenbach"]

1.e4 c5 2.c3 Nf6 3.e5 Nd5 4.Nf3 Nc6 5.d4 cxd4 6.cxd4 d6 7.Bc4 dxe5 8.Bxd5 Qxd5 9.Nc3
Qd6 10.d5 Nd8 11.O-O f6 12.Be3 Qd7 13.Qb3 Nf7 14.Rac1 Nd6 15.Bc5 Kf7 16.Bxd6 Qxd6
17.Nb5 Qb6 18.Rc7 a6 19.d6+ Be6 20.Nxe5+ fxe5 21.Qf3+ Kg8 22.Rxb7 Qa5 23.Nc7 Qxa2
24.dxe7 Rc8 25.e8=Q Rxe8 26.Nxe8 Bf7 27.b3 1-0

[Event "1. Bundesliga 2016/2017"]
[Site "Mattersburg"]
[Date "2016.10.23"]
[Round "4"]
[Board "4"]
[White "Wagner, Dennis"]
[Black "Atlas, Valery"]
[Result "1-0"]
[WhiteElo "2577"]
[BlackElo "2437"]
[PlyCount "93"]
[EventDate "2016.10.20"]
[EventType "team"]
[EventRounds "11"]
[EventCountry "AUT"]
[WhiteTeam "Schachklub Sparkasse Jenbach"]
[BlackTeam "SK Hohenems"]

1.e4 c5 2.Nf3 d6 3.d4 cxd4 4.Nxd4 Nf6 5.Nc3 e6 6.g4 e5 7.Bb5+ Bd7 8.Bxd7+ Qxd7 9.Nf5
h5 10.Bg5 Nh7 11.f4 g6 12.Ne3 Nxg5 13.fxg5 Be7 14.h4 hxg4 15.Kf2 Nc6 16.Ncd5 O-O-O
17.Qxg4 Rdf8 18.Qxd7+ Kxd7 19.Ng4 Bd8 20.Rad1 Ke6 21.Kg3 Ne7 22.Nc3 Nc8 23.Rhf1 a6
24.Nd5 Na7 25.Rd3 Nc6 26.c3 Na5 27.Rfd1 Nc6 28.a4 Na7 29.b4 Nc8 30.c4 a5 31.bxa5 Bxa5
32.Rb1 f5 33.gxf6 Rf7 34.Nf2 Rfh7 35.Nh3 Rxh4 36.Ng5+ Kd7 37.f7 Bd8 38.f8=Q Rxf8 39.Kxh4
Rf2 40.Kg3 Rc2 41.Rxb7+ Kc6 42.Rc7+ Bxc7 43.Nb4+ Kc5 44.Nxc2 Kxc4 45.Rd1 Ba5 46.Nf7
Kb3 47.Ne3 1-0

[Event "1. Bundesliga 2016/2017"]
[Site "Mattersburg"]
[Date "2016.10.23"]
[Round "4"]
[Board "5"]
[White "Breder, Dennis"]
[Black "Shengelia, David"]
[Result "1/2-1/2"]
[WhiteElo "2470"]
[BlackElo "2570"]
[PlyCount "111"]
[EventDate "2016.10.20"]
[EventType "team"]
[EventRounds "11"]
[EventCountry "AUT"]
[WhiteTeam "SK Hohenems"]
[BlackTeam "Schachklub Sparkasse Jenbach"]

1.e4 c5 2.Nf3 e6 3.c3 Nf6 4.e5 Nd5 5.Bc4 d6 6.d4 Nb6 7.Bb3 cxd4 8.cxd4 dxe5 9.Nxe5
Nc6 10.Nxc6 bxc6 11.O-O Be7 12.Nc3 O-O 13.Re1 Ba6 14.Bf4 Bc4 15.Bc2 Nd5 16.Be5 g6
17.Ne4 Nf6 18.Ba4 Nxe4 19.Rxe4 Bd5 20.Re2 Bd6 21.Bxd6 Qxd6 22.Rc1 Rab8 23.b3 Rfd8
24.Qd3 Rb4 25.Qe3 Qe7 26.Rd2 Qf6 27.f3 Rd6 28.Qe5 Qd8 29.Rdc2 Rb6 30.h4 h5 31.Rc3
Rd7 32.Qf4 Rb4 33.a3 Rb6 34.b4 Kg7 35.Qe5+ f6 36.Qf4 Rd6 37.g4 hxg4 38.fxg4 Rd7 39.g5
Rf7 40.Bxc6 fxg5 41.Qxg5 Qf6 42.Qxf6+ Rxf6 43.Bxd5 exd5 44.Rf1 Rfe6 45.Rc7+ Kh6 46.Rff7
Kh5 47.Rf4 Kh6 48.Rxa7 Rbc6 49.Ra5 Rc2 50.Rxd5 Re1+ 51.Rf1 Re3 52.Rg5 Rxa3 53.b5 Rd3
54.Rb1 Rxd4 55.b6 Rdc4 56.b7 1/2-1/2

[Event "1. Bundesliga 2016/2017"]
[Site "Mattersburg"]
[Date "2016.10.23"]
[Round "4"]
[Board "6"]
[White "Boensch, Uwe"]
[Black "Froewis, Georg"]
[Result "1-0"]
[WhiteElo "2558"]
[BlackElo "2435"]
[PlyCount "43"]
[EventDate "2016.10.20"]
[EventType "team"]
[EventRounds "11"]
[EventCountry "AUT"]
[WhiteTeam "Schachklub Sparkasse Jenbach"]
[BlackTeam "SK Hohenems"]

1.d4 d5 2.c4 e6 3.Nc3 c6 4.e3 Nf6 5.Nf3 Nbd7 6.Bd2 Ne4 7.Nxe4 dxe4 8.Ne5 Bd6 9.Bc3
O-O 10.Qc2 f5 11.O-O-O Qc7 12.f4 exf3 13.Nxf3 Nf6 14.Bd3 b5 15.c5 Be7 16.Bd2 Rb8 17.e4
g6 18.h4 h5 19.Ne5 Kh7 20.Bf4 Qb7 21.Rhe1 Bd8 22.Nxc6 1-0

[Event "1. Bundesliga 2016/2017"]
[Site "Mattersburg"]
[Date "2016.10.23"]
[Round "4"]
[Board "1"]
[White "Lenic, Luka"]
[Black "Zilka, Stepan"]
[Result "1/2-1/2"]
[WhiteElo "2645"]
[BlackElo "2523"]
[PlyCount "146"]
[EventDate "2016.10.20"]
[EventType "team"]
[EventRounds "11"]
[EventCountry "AUT"]
[WhiteTeam "SV Raika Rapid Feffernitz"]
[BlackTeam "Blackburne Nickelsdorf"]

1.d4 f5 2.c4 Nf6 3.Nc3 g6 4.h4 d6 5.h5 Nxh5 6.Rxh5 gxh5 7.e4 Qd7 8.Nh3 Kd8 9.Ng5 Qe8
10.Be2 h6 11.Nh3 fxe4 12.Nf4 Qf7 13.d5 Qh7 14.Bxh5 Rg8 15.Be3 Na6 16.Qb3 Rg5 17.Qa4
Rxh5 18.Nxh5 Bd7 19.Qa3 c5 20.dxc6 Bxc6 21.Qa5+ Nc7 22.Nf4 b6 23.Qh5 Qg8 24.Qf5 Bg7
25.Rc1 Be5 26.Ng6 Bxc3+ 27.Rxc3 Qe6 28.Qf8+ Be8 29.Nf4 Qf6 30.Qxf6 exf6 31.Bd4 f5
32.Rh3 h5 33.Nxh5 Ne6 34.Be3 Ke7 35.Nf4 Nxf4 36.Rh7+ Bf7 37.Bxf4 Rg8 38.g3 Ke6 39.b3
a6 40.a4 Rg6 41.Be3 Rg8 42.Bxb6 Kf6 43.Rh6+ Bg6 44.Kd2 d5 45.Kc3 dxc4 46.bxc4 Rb8
47.c5 Kg7 48.Rh1 Be8 49.Kb4 Bc6 50.Rd1 a5+ 51.Kb3 e3 52.fxe3 Re8 53.Rd3 Re4 54.Bxa5
Bxa4+ 55.Kb2 Rc4 56.Rd5 Kf6 57.Bc3+ Kg5 58.Be5 Bc6 59.Bf4+ Kg4 60.Rd4 Rxd4 61.exd4
Kf3 62.Kc3 Ke4 63.Kc4 Ba8 64.d5 Bxd5+ 65.Kb5 Ba8 66.c6 Kd5 67.c7 Bb7 68.Kb6 Bc8 69.Ka7
Kc6 70.Kb8 Kd7 71.Ka7 Kc6 72.Ka8 Kd7 73.Kb8 Ba6 1/2-1/2

[Event "1. Bundesliga 2016/2017"]
[Site "Mattersburg"]
[Date "2016.10.23"]
[Round "4"]
[Board "2"]
[White "Schwarhofer, Christopher"]
[Black "Danin, Alexandre"]
[Result "1/2-1/2"]
[WhiteElo "2385"]
[BlackElo "2564"]
[PlyCount "159"]
[EventDate "2016.10.20"]
[EventType "team"]
[EventRounds "11"]
[EventCountry "AUT"]
[WhiteTeam "Blackburne Nickelsdorf"]
[BlackTeam "SV Raika Rapid Feffernitz"]

1.e4 e5 2.Nf3 Nc6 3.Bc4 Bc5 4.O-O Nf6 5.d3 O-O 6.Bg5 h6 7.Bh4 Be7 8.Nc3 d6 9.Nd2 Nd4
10.Bxf6 Bxf6 11.Nd5 c6 12.Nxf6+ Qxf6 13.c3 Ne6 14.Bxe6 Bxe6 15.Qe2 Qg5 16.Qe3 Qxe3
17.fxe3 Rad8 18.d4 Rfe8 19.Rae1 f6 20.a3 Bf7 21.c4 exd4 22.exd4 Re7 23.Kf2 Rde8 24.Re3
d5 25.cxd5 Bxd5 26.Rfe1 Bf7 27.Nf3 Rd8 28.e5 fxe5 29.Rxe5 Red7 30.Re7 Bh5 31.h3 Bxf3
32.Kxf3 Kf8 33.Rxd7 Rxd7 34.Re4 Rd5 35.Ke3 Rb5 36.Rf4+ Ke7 37.Rf2 Rb3+ 38.Ke4 Ke6
39.Rd2 g5 40.Rf2 a5 41.Rd2 a4 42.Rc2 Rg3 43.Rf2 h5 44.Rd2 h4 45.Rf2 Kd6 46.Rf6+ Kc7
47.Rf2 Kb6 48.Rc2 Kc7 49.Rf2 Kd6 50.Rf6+ Ke7 51.Rf2 Ke6 52.Re2 Kd6 53.Rf2 c5 54.dxc5+
Kxc5 55.Rc2+ Kb5 56.Kd4 b6 57.Rf2 Ka5 58.Rf5+ b5 59.Rf2 Kb6 60.Rf6+ Kc7 61.Rf2 Kd6
62.Rf6+ Ke7 63.Rf2 Ke6 64.Kc5 Rb3 65.Kd4 Kd6 66.Rf6+ Ke7 67.Rf2 Ke6 68.Re2+ Kf5 69.Rf2+
Kg6 70.Ke4 g4 71.Rf4 gxh3 72.Rxh4 Rxb2 73.Rxh3 Rxg2 74.Kd4 Rc2 75.Rf3 Rb2 76.Kc5 Rb3
77.Rf4 Rxa3 78.Kxb5 Kg5 79.Rxa4 Rxa4 80.Kxa4 1/2-1/2

[Event "1. Bundesliga 2016/2017"]
[Site "Mattersburg"]
[Date "2016.10.23"]
[Round "4"]
[Board "3"]
[White "Schreiner, Peter"]
[Black "Lendwai, Reinhard"]
[Result "1-0"]
[WhiteElo "2482"]
[BlackElo "2370"]
[PlyCount "77"]
[EventDate "2016.10.20"]
[EventType "team"]
[EventRounds "11"]
[EventCountry "AUT"]
[WhiteTeam "SV Raika Rapid Feffernitz"]
[BlackTeam "Blackburne Nickelsdorf"]

1.Nf3 d5 2.g3 c6 3.Bg2 Nf6 4.O-O Bg4 5.d4 Nbd7 6.Nbd2 e6 7.Re1 Be7 8.e4 O-O 9.e5 Ne8
10.h3 Bh5 11.Nf1 c5 12.c3 c4 13.g4 Bg6 14.h4 b5 15.h5 Bd3 16.h6 g6 17.Ng3 Nc7 18.Re3
b4 19.Ne1 bxc3 20.Nxd3 cxd3 21.bxc3 Nb6 22.Rxd3 Nc4 23.Nf1 Rb8 24.Ne3 Nb2 25.Bxb2
Rxb2 26.c4 Bg5 27.cxd5 exd5 28.Rb3 Rxb3 29.Qxb3 Bxh6 30.Nxd5 Nxd5 31.Bxd5 Qh4 32.Qf3
Kh8 33.Kg2 f5 34.Rh1 Qg5 35.Qh3 Kg7 36.Bc6 fxg4 37.Qxh6+ Qxh6 38.Rxh6 Kxh6 39.e6 1-0

[Event "1. Bundesliga 2016/2017"]
[Site "Mattersburg"]
[Date "2016.10.23"]
[Round "4"]
[Board "4"]
[White "Pinter, Erik"]
[Black "Diermair, Andreas"]
[Result "1/2-1/2"]
[WhiteElo "2382"]
[BlackElo "2473"]
[PlyCount "80"]
[EventDate "2016.10.20"]
[EventType "team"]
[EventRounds "11"]
[EventCountry "AUT"]
[WhiteTeam "Blackburne Nickelsdorf"]
[BlackTeam "SV Raika Rapid Feffernitz"]

1.e4 e5 2.Nf3 Nc6 3.Bb5 a6 4.Ba4 Nf6 5.O-O Be7 6.Re1 b5 7.Bb3 d6 8.c3 O-O 9.h3 Bb7
10.d4 Re8 11.Nbd2 Bf8 12.d5 Nb8 13.Nf1 Nbd7 14.N3h2 Nc5 15.Bc2 c6 16.b4 Ncd7 17.dxc6
Bxc6 18.Bg5 Qc7 19.Ng4 Nxg4 20.Qxg4 Nb6 21.Ng3 Bd7 22.Qf3 Rac8 23.Bb3 Be6 24.Rac1
Be7 25.Bxe7 Qxe7 26.Nf5 Bxf5 27.Qxf5 g6 28.Qf3 Kg7 29.Rcd1 Red8 30.Rd3 Nc4 31.Qe2
Qd7 32.Red1 Qb7 33.Rd5 Rc6 34.a4 Rd7 35.a5 Qc7 36.R1d3 Qd8 37.Bxc4 Rxc4 38.f3 Qg5
39.Qe3 Qxe3+ 40.Rxe3 Kf6 1/2-1/2

[Event "1. Bundesliga 2016/2017"]
[Site "Mattersburg"]
[Date "2016.10.23"]
[Round "4"]
[Board "5"]
[White "Sebenik, Matej"]
[Black "Vlcek, Stanislav"]
[Result "1-0"]
[WhiteElo "2546"]
[BlackElo "2255"]
[PlyCount "97"]
[EventDate "2016.10.20"]
[EventType "team"]
[EventRounds "11"]
[EventCountry "AUT"]
[WhiteTeam "SV Raika Rapid Feffernitz"]
[BlackTeam "Blackburne Nickelsdorf"]

1.d4 Nf6 2.c4 g6 3.Nc3 Bg7 4.e4 d6 5.Nf3 O-O 6.Be2 e5 7.O-O Nc6 8.Be3 Re8 9.dxe5 dxe5
10.h3 Be6 11.Re1 Qxd1 12.Raxd1 Red8 13.a3 h6 14.Nd5 Ne8 15.b4 Nd4 16.Bxd4 exd4 17.e5
c6 18.Nf4 Nc7 19.Nxd4 Bxe5 20.Ndxe6 Nxe6 21.Nxe6 fxe6 22.Bd3 Bf6 23.Bxg6 Rxd1 24.Rxd1
Rd8 25.Re1 Kg7 26.Bh5 e5 27.Re3 Rd4 28.c5 Kf8 29.g3 Rc4 30.Kg2 a5 31.Be2 Rc2 32.h4
axb4 33.axb4 Rb2 34.Re4 Ke7 35.Bg4 Kd8 36.Bf5 Rd2 37.Kf3 Rd4 38.Kg4 Ke7 39.Kh5 Rxe4
40.Bxe4 Bg7 41.Kg6 Bf8 42.h5 b6 43.cxb6 Kd7 44.b7 Kc7 45.g4 Kxb7 46.b5 Bc5 47.bxc6+
Kc7 48.Kxh6 Bxf2 49.Kg6 1-0

[Event "1. Bundesliga 2016/2017"]
[Site "Mattersburg"]
[Date "2016.10.23"]
[Round "4"]
[Board "6"]
[White "Koffler, Daniel"]
[Black "Zorko, Jure"]
[Result "1/2-1/2"]
[WhiteElo "2126"]
[BlackElo "2465"]
[PlyCount "66"]
[EventDate "2016.10.20"]
[EventType "team"]
[EventRounds "11"]
[EventCountry "AUT"]
[WhiteTeam "Blackburne Nickelsdorf"]
[BlackTeam "SV Raika Rapid Feffernitz"]

1.e4 c5 2.Nf3 e6 3.d4 cxd4 4.Nxd4 a6 5.Bd3 Bc5 6.Nb3 Be7 7.Qg4 g6 8.Qe2 d6 9.O-O Nd7
10.Nc3 Qc7 11.Bd2 Ngf6 12.Bh6 Bf8 13.Bxf8 Kxf8 14.f4 Kg7 15.Rae1 h5 16.h3 Qb6+ 17.Qf2
Qxf2+ 18.Rxf2 b6 19.e5 Ne8 20.Nd4 dxe5 21.fxe5 Bb7 22.Be4 Ra7 23.Bxb7 Rxb7 24.Rd2
Rc7 25.Nf3 Kf8 26.Re4 Ke7 27.Red4 Ng7 28.g4 hxg4 29.hxg4 Rh3 30.Kg2 Rxf3 31.Rxd7+
Rxd7 32.Rxd7+ Kxd7 33.Kxf3 Ne8 1/2-1/2

[Event "1. Bundesliga 2016/2017"]
[Site "Mattersburg"]
[Date "2016.10.23"]
[Round "4"]
[Board "1"]
[White "Sutovsky, Emil"]
[Black "Melkumyan, Hrant"]
[Result "1/2-1/2"]
[WhiteElo "2650"]
[BlackElo "2619"]
[PlyCount "175"]
[EventDate "2016.10.20"]
[EventType "team"]
[EventRounds "11"]
[EventCountry "AUT"]
[WhiteTeam "Schachklub Absam"]
[BlackTeam "ASVOE Wulkaprodersdorf"]

1.e4 c6 2.d4 d5 3.e5 Bf5 4.h4 h5 5.Bd3 Bxd3 6.Qxd3 e6 7.Bg5 Qa5+ 8.c3 Qb5 9.Qc2 c5
10.Ne2 Nc6 11.a4 Qb6 12.a5 Nxa5 13.dxc5 Qb3 14.Qc1 Nc4 15.Nd2 Nxd2 16.Nd4 Qc4 17.Qxd2
Qxc5 18.O-O Ne7 19.Be3 Qc8 20.Nb5 Nc6 21.Bb6 Rb8 22.Bc7 Be7 23.Nd6+ Bxd6 24.Bxd6 Ra8
25.Qg5 Rh7 26.c4 Qd8 27.Qf4 Rh6 28.Rfd1 Rg6 29.cxd5 exd5 30.Rxd5 Qc8 31.e6 Qxe6 32.Rxh5
Rd8 33.Bb4 Kd7 34.Re1 Qg4 35.Qxg4+ Rxg4 36.Bc3 g6 37.Rh7 Rf8 38.Bg7 Re8 39.Rd1+ Ke6
40.Bh6 Re4 41.f3 Re5 42.Bg5 Rc8 43.Rd2 Nb4 44.Bf4 Rf5 45.Rd6+ Ke7 46.Rd4 Nd5 47.Re4+
Kd7 48.g4 Rf6 49.Bg5 Rxf3 50.Kg2 Rb3 51.Rxf7+ Kd6 52.Rf2 a5 53.Rfe2 Rg8 54.Rd2 Rb5
55.Bf4+ Kc5 56.Re5 Rd8 57.Bg5 Rd7 58.h5 gxh5 59.gxh5 Kc4 60.Re4+ Kb3 61.h6 Nf6 62.Re3+
Ka2 63.Rxd7 Nxd7 64.Be7 Ne5 65.h7 Ng6 66.Bf6 Rh5 67.Ra3+ Kb1 68.Rg3 Nh4+ 69.Bxh4 Rxh7
70.Bf6 b5 71.Kf2 Rf7 72.Rf3 b4 73.Ke2 Kc2 74.Rf2 a4 75.Ke1+ Kb3 76.Kd2 a3 77.Rf3+
Ka2 78.bxa3 b3 79.Ke2 Rb7 80.a4 b2 81.Bxb2 Rxb2+ 82.Kd1 Rb4 83.a5 Ra4 84.Rf5 Kb3 85.Kd2
Kb4 86.Kd3 Rxa5 87.Rxa5 Kxa5 88.Ke4 1/2-1/2